000 00444nam a2200169Ia 4500
001 30698
003 IN-NITTTR
005 20251114233414.0
008 251113s9999||||xx |||||||||||||| ||eng||
040 _beng
040 _cIN-NITTTR
041 _aeng
082 _a621.3822 S51D
100 _aSmith, Steven W.
245 0 _aDigital signal processing :
_b a practical guide for engineers and scientists /
_cSmith, Steven W.
942 _2ddc
_cBK
999 _c33328
_d33328